15 Largest Island Countries - Statistics

General Stats
  • This quiz has been taken 37 times
  • The average score is 10 of 15
Answer Stats
Rank Area Island Country % Correct
1 7,692,024 Australia
97%
2 1,904,569 Indonesia
88%
3 587,041 Madagascar
76%
6 342,353 Philippines
76%
8 242,900 United Kingdom
74%
5 377,930 Japan
71%
7 270,467 New Zealand
71%
10 103,000 Iceland
59%
11 70,273 Ireland
59%
4 462,840 Papua New Guinea
59%
9 109,884 Cuba
56%
12 65,610 Sri Lanka
56%
14 36,193 Taiwan
47%
13 48,671 Dominican Republic
35%
15 28,896 Solomon Islands
32%
No matching quizzes found
Score Distribution
Percent of People with Each Score
Percentile by Number Answered
Your Score History
You have not taken this quiz